Možnosti eliminácie rizík a neistôt v účtovníctve podnikateľov v Slovenskej republike dizertačná práca

Saved in:
Bibliographic Details
Main Author: Szász, Marek
Corporate Author: Fakulta hospodárskej informatiky EU. Katedra účtovníctva a audítorstva
Other Authors: Soukupová, Božena
Format: Book
Language:Slovak
Published: Bratislava 2009
Subjects:
Tags: Add Tag
No Tags, Be the first to tag this record!

MARC

LEADER 00000nam$a2200000$$$4500
001 0113335
005 20240502072247.8
041 0 |a slo 
044 |a SK 
245 1 0 |a Možnosti eliminácie rizík a neistôt v účtovníctve podnikateľov v Slovenskej republike  |b dizertačná práca  |c Marek Szász ; škol. Božena Soukupová 
264 1 |a Bratislava  |c 2009 
300 |a 200 s. 
610 2 0 |a účtovníctvo 
610 2 0 |a riziko 
610 2 0 |a riziko podnikateľské 
610 2 0 |a Slovensko 
100 1 |a Szász, Marek 
700 1 |a Soukupová, Božena 
710 2 |a Fakulta hospodárskej informatiky EU. Katedra účtovníctva a audítorstva